Χρήση δικτύων στην μελέτη της οικολογίας ιχθυοκοινοτήτων στις Κυκλάδες : πτυχιακή εργασία

Αποθηκεύτηκε σε:
Λεπτομέρειες βιβλιογραφικής εγγραφής
Κύριος συγγραφέας: Πέτλη, Παναγιώτα
Συγγραφή απο Οργανισμό/Αρχή: Πανεπιστήμιο Αιγαίου Σχολή Περιβάλλοντος Τμήμα Επιστημών της Θάλασσας
Μορφή: Thesis Βιβλίο
Γλώσσα:Greek
Δημοσίευση: 2016.
Θέματα:
Διαθέσιμο Online:http://hdl.handle.net/11610/23735
Ετικέτες: Προσθήκη ετικέτας
Δεν υπάρχουν, Καταχωρήστε ετικέτα πρώτοι!

MARC

LEADER 00000cam a2200000 a 4500
001 1/114156
008 170529s2016####gr | ||| |||| ||gre||
040 |a GR-MyUa  |b gre  |c GR-MyUa  |e AACR2 
041 0 |a gre 
082 7 |a 597.17  |2 (23) 
100 1 |a Πέτλη, Παναγιώτα. 
245 1 0 |a Χρήση δικτύων στην μελέτη της οικολογίας ιχθυοκοινοτήτων στις Κυκλάδες :   |b πτυχιακή εργασία / Παναγιώτα Πέτλη.  
260 |c 2016.  
300 |a [χ.αρ.] :   |b εικ., πιν.;   |c 30 εκ.  
500 |a Επιβλέπων Γεώργιος Δ. Κόκκορης. Μέλη εξεταστικής επιτροπής Γεώργιος Τσιρτσής, Ιωάννης Μπατζάκας.  
502 |a Πτυχιακή εργασία – Πανεπιστήμιο Αιγαίου, Λέσβος, 2016. 
504 |a Περιλαμβάνει βιβλιογραφία.  
506 1 |a Ηλεκτρονική διάθεση στο πλήρες κείμενο - περιορισμένης πρόσβασης.   |d Ελεύθερη διάθεση μόνο στα μέλη του Πανεπιστημίου Αιγαίου.  
650 0 |a Fishes  |x Ecology. 
650 0 |a Fish populations  |z Greece  |z Cyclades. 
650 0 |a Fish populations   |x Computer programs. 
700 1 |a Κόκκορης, Γεώργιος Δ.  |e dgs 
710 2 |a Πανεπιστήμιο Αιγαίου  |b Σχολή Περιβάλλοντος  |b Τμήμα Επιστημών της Θάλασσας. 
852 |a INST  |b LESVOS  |c DIATR  |e 20170529  |h 979  |p 005100059437  |q 005100059437  |t DIE  |y 23 
856 |u http://hdl.handle.net/11610/23735 
924 |a Πέτλη   |b Παναγιώτα   |y Λέσβος  |z 2016-05 
970 |a Πατσή   |b Ανθίππη   |z 29-05-2017